00265nam a2200121Ia 4500008004100000082000900041100001400050245001900064600001100083630001900094700001100113730001900124090122s9999 xx 000 0 und d b9777 aBhagyabC aAesop's Fables aBhagya aAesop's Fables aBhagya aAesop's Fables